000 01597cab a22002535a 4500
001 L148402
008 090914s2009 xxk f 000 0 eng d
035 _a(Sirsi) u148402
041 0 _aeng
100 1 _aShelbourn, Carolyn
245 0 0 _aAssessing impact
_bimpact assessment as a factor in retail development decisions in England and the United States
260 _c2009
490 _aJournal of Planning and Environment Law
_v(8) 2009, 985-999 (15)
520 _aDiscusses impact assessments of large scale retail development in England and compares them with impact assessments carried out for the same type of developments in the USA. Presents the different kinds of impacts (economic, environmental, etc.) which can result from a large scale retail development. Examines recent proposed changes to law and policy on retail development in England and analyses them in the light of law and policy on retail development in the USA. Finds that not all impacts found by researchers are assessed by planning authorities.
590 _aKA
650 2 4 _aPLANNING POLICY STATEMENT 6 (PLANNING FOR TOWN CENTRES)
650 2 4 _aENVIRONMENTAL PERMITTING (ENGLAND AND WALES) REGULATIONS 2007/3538
650 2 4 _aTOWN AND COUNTRY PLANNING (ENVIRONMENTAL IMPACT ASSESSMENT) (ENGLAND AND WALES) REGULATIONS 1999
651 4 _aEngland
_y886-
651 4 _aUnited States
_y1959-
690 _aENVIRONMENTAL AND LAND CONSULTANCY-PLANNING AND DEVELOPMENT
690 _aENVIRONMENTAL AND LAND CONSULTANCY-ENVIRONMENTAL MANAGEMENT-ENVIRONMENTAL ASSESSMENT-ENVIRONMENTAL IMPACT ASSESSMENT
942 _n0
999 _c81825
_d81825